| 000 | 00448nam a22001457a 4500 | ||
|---|---|---|---|
| 003 | macl | ||
| 005 | 20180501161459.0 | ||
| 008 | 180501b xxu||||| |||| 00| 0 eng d | ||
| 040 | _cmacl | ||
| 100 |
_aनिशा प्रकाशन _972553 |
||
| 245 | _aअॅजुलि भर शब्द | ||
| 260 |
_aदिल्ली _bआयुष पब्लिशिंग _c2016 |
||
| 650 |
_aकविताएं _967940 |
||
| 942 |
_2ddc _cHIN |
||
| 999 |
_c58094 _d58094 |
||